| 000 | 00775nam a22002057a 4500 | ||
|---|---|---|---|
| 999 |
_c10827 _d10827 |
||
| 008 | 180921b ||||| |||| 00| 0 eng d | ||
| 020 | _a978-1-305-49760-3 | ||
| 082 |
_22017 _aDC 629.277 _bSch59 |
||
| 100 |
_aSchnubel, Mark _931503 |
||
| 245 |
_aClassroom manual for automotive heating and air conditioning / _cMark Schnubel |
||
| 250 | _aSixth Edition | ||
| 260 |
_aAustralia : _bCengage Learning, _c©2017. |
||
| 300 |
_axvi, 441 pages ; _bcolor illustrations : _c27 cm. |
||
| 440 |
_aToday's Technician _931506 |
||
| 500 | _aIncludes glossary and index. | ||
| 650 |
_aAutomobiles -- Heating and ventilation -- Maintenance and repair _931504 |
||
| 650 |
_aAutomobiles -- Air conditioning -- Maintenance and repair _931505 |
||
| 365 |
_b9,995.00 _cPhp. |
||
| 942 |
_2ddc _cDC |
||